| 000 | 00748nam a2200229Ia 4500 | ||
|---|---|---|---|
| 008 | 220216s9999 xx 000 0 und d | ||
| 100 | _aYu Jun-Hong | ||
| 245 | 0 | _aRelationship between rate of laticifer differentiation, number of laticifer rows and rubber yield among 1981 IRRDB germplasm collections of Hebvea brasiliensis | |
| 260 |
_bJournal of Rubber Research _c2008 |
||
| 300 | _a43-51 | ||
| 500 | _aSource Year: 2008 | ||
| 650 | _a1981 IRRDB germplasm collections | ||
| 650 | _aConventional breeding | ||
| 650 | _aEarly selection | ||
| 650 | _aLaticifer differentiation | ||
| 650 | _aMechanical wounding | ||
| 700 | _aHuang Hua-Sun | ||
| 700 | _aTian Wei-Min | ||
| 700 | _aYang Shu-Guang | ||
| 700 | _aZeng Xia | ||
| 942 | _cJS | ||
| 999 |
_c66684 _d66684 |
||